000 00530nam a2200205Ia 4500
003 OSt
005 20221005124232.0
006 a|||||r|||| 00| 0
007 ta
008 221004b |||||||| |||| 00| 0 eng d
024 _a112607
037 _cTextual
040 _aCRL
_cCRL
_beng
041 _2eng
_aeng
110 _aPublic Library association
_9634892
245 0 _aMinium standard for public Library System 1966
700 _aPublic Library association
_9634893
942 _cTEXL
_2cc
999 _c1049840
_d1049840